000 00600nam a2200205 i 4500
001 147143
003 ES-MaACL
005 20250805062611.0
007 t|
008 070921s1965 an ||||1| cat d
080 _a301(04)
100 1 _aTunc, André.
_9111673
245 1 0 _aEn un mon que sofreix /
_cAndré Tunc ; [traduit del francés per Rafael Mª Bofill].
260 _aAndorra :
_bCasal i Vall,
_c1965.
300 _a175 p. ;
_c19 cm.
650 7 _aSociología
_2embne
_917195
700 1 _aBofill, Rafael M.
_929780
852 _aES-MaACL
_jC-29475
_bR.59815
999 _c147143
_d147143